<?xml version="1.0" encoding="UTF-8"?>
<collection xmlns="http://www.loc.gov/MARC21/slim">
 <record>
  <leader>01044pam a2200253 a 4500</leader>
  <controlfield tag="001">AALebookProjectMUSE024176</controlfield>
  <controlfield tag="003">BD-DhAAL</controlfield>
  <controlfield tag="006">m||||||||d||||||||</controlfield>
  <controlfield tag="007">cr||||||||||||</controlfield>
  <controlfield tag="008">221121s9999    xxuabf fo  j  001 0 eng d</controlfield>
  <datafield tag="020" ind1=" " ind2=" ">
   <subfield code="a">9780810129900</subfield>
  </datafield>
  <datafield tag="020" ind1=" " ind2=" ">
   <subfield code="a">9780810167780</subfield>
  </datafield>
  <datafield tag="040" ind1=" " ind2=" ">
   <subfield code="a">BD-DhAAL</subfield>
   <subfield code="c">BD-DhAAL</subfield>
  </datafield>
  <datafield tag="100" ind1="1" ind2=" ">
   <subfield code="a">Siskind</subfield>
  </datafield>
  <datafield tag="245" ind1="0" ind2="0">
   <subfield code="h">[electronic resource]</subfield>
   <subfield code="a">Cosmopolitan Desires</subfield>
  </datafield>
  <datafield tag="260" ind1=" " ind2=" ">
   <subfield code="b">Northwestern University Press</subfield>
  </datafield>
  <datafield tag="300" ind1=" " ind2=" ">
   <subfield code="a">1 online resource</subfield>
  </datafield>
  <datafield tag="500" ind1=" " ind2=" ">
   <subfield code="a">&lt;strong&gt;Off-Campus Access:&lt;/strong&gt; Athens ID and Password Required</subfield>
  </datafield>
  <datafield tag="500" ind1=" " ind2=" ">
   <subfield code="a">&lt;strong&gt;On-Campus Access:&lt;/strong&gt; No User ID or Password Required</subfield>
  </datafield>
  <datafield tag="506" ind1=" " ind2=" ">
   <subfield code="a">Electronic access restricted to authorized BRAC University faculty, staff and students</subfield>
  </datafield>
  <datafield tag="538" ind1=" " ind2=" ">
   <subfield code="a">Mode of access: Internet</subfield>
  </datafield>
  <datafield tag="655" ind1=" " ind2="7">
   <subfield code="a">Electronic books</subfield>
   <subfield code="2">Library of Congress</subfield>
  </datafield>
  <datafield tag="856" ind1="4" ind2="0">
   <subfield code="z">Full text available on Project MUSE [5/7/14]</subfield>
   <subfield code="u">https://muse.jhu.edu/book/29491</subfield>
  </datafield>
  <datafield tag="856" ind1="4" ind2="0">
   <subfield code="z">Off-campus access</subfield>
   <subfield code="u">https://go.openathens.net/redirector/bracu.ac.bd?url=https%3A%2F%2Fmuse.jhu.edu%2Fbook%2F29491</subfield>
  </datafield>
 </record>
</collection>
